Statistics for Countries with a coastline

Click here to take the quiz!

General Stats

  • This quiz has been taken 76 times
    (69 since last reset)
  • The average score is 127 of 151

Answers on the Map

Answers color-coded by a green-red scale on the quiz's map according to % correct below.
 

Answer Stats

Answer% Correct
United States
98%
Australia
97%
Canada
97%
Cuba
97%
Indonesia
97%
Japan
97%
Mexico
97%
Russia
97%
United Kingdom
97%
Finland
95%
Italy
95%
Brazil
93%
Chile
93%
Denmark
93%
India
93%
Norway
93%
Peru
93%
Portugal
93%
Spain
93%
Sweden
93%
Bahamas
92%
Colombia
92%
Egypt
92%
Haiti
92%
Ireland
92%
Netherlands
92%
Oman
92%
South Korea
92%
Yemen
92%
Argentina
90%
China
90%
France
90%
Greece
90%
Iceland
90%
Israel
90%
New Zealand
90%
South Africa
90%
Barbados
89%
Belgium
89%
Estonia
89%
Jamaica
89%
Latvia
89%
Libya
89%
Morocco
89%
North Korea
89%
Panama
89%
Qatar
89%
Saint Kitts and Nevis
89%
Saudi Arabia
89%
Syria
89%
Albania
87%
Bulgaria
87%
Dominica
87%
Germany
87%
Lithuania
87%
Malaysia
87%
Monaco
87%
Turkey
87%
Algeria
85%
Angola
85%
Belize
85%
Croatia
85%
Dominican Republic
85%
Iran
85%
Pakistan
85%
Somalia
85%
Sri Lanka
85%
Thailand
85%
Uruguay
85%
Vietnam
85%
Costa Rica
84%
Fiji
84%
Iraq
84%
Nicaragua
84%
Philippines
84%
Romania
84%
Saint Lucia
84%
Suriname
84%
United Arab Emirates
84%
Bahrain
82%
Ecuador
82%
Eritrea
82%
Ghana
82%
Guatemala
82%
Guinea
82%
Guyana
82%
Honduras
82%
Jordan
82%
Madagascar
82%
Malta
82%
Papua New Guinea
82%
Poland
82%
Saint Vincent and The Grenadines
82%
Taiwan
82%
Trinidad and Tobago
82%
Tunisia
82%
Cambodia
80%
Democratic Republic of the Congo
80%
Federated States of Micronesia
80%
Kenya
80%
Kuwait
80%
Republic of the Congo
80%
Singapore
80%
Vanuatu
80%
Venezuela
80%
Bangladesh
79%
Guinea-Bissau
79%
Mozambique
79%
Namibia
79%
Nauru
79%
Palau
79%
Sierra Leone
79%
Slovenia
79%
Tuvalu
79%
Bosnia and Herzegovina
77%
Cote D'Ivoire
77%
Cyprus
77%
Djibouti
77%
East timor
77%
El Salvador
77%
Gambia
77%
Lebanon
77%
Mauritania
77%
Mauritius
77%
Senegal
77%
Togo
77%
Antigua and Barbuda
75%
Comoros
75%
Gabon
75%
Georgia
75%
Liberia
75%
Maldives
75%
Nigeria
75%
Seychelles
75%
Tanzania
75%
Benin
74%
Brunei
74%
Burma
74%
Cameroon
74%
Cape Verde
74%
Equatorial Guinea
74%
Grenada
74%
Solomon Islands
74%
Tonga
74%
Marshall Islands
72%
Samoa
72%
Sao Tome and Principe
72%
Ukraine
72%
Montenegro
69%
Sudan
69%
Kiribati
67%

Score Distribution

Percentile by Number Answered

Percent of People with Each Score

Your Score History

You have not taken this quiz since the last reset